| 000 | 00000nam##2200000za#4500 |
| 001 | 9.604253 |
| 003 | CaOODSP |
| 005 | 20210624211458 |
| 007 | cr ||||||||||| |
| 008 | 150406|2006||||xxc|||||o f|0| 0 fre|d |
| 040 | |aCaOODSP|bfre |
| 043 | |an-cn--- |
| 086 | 1 |aTU3-5/06-13F-PDF |
| 110 | 2 |aBureau de la sécurité des transports du Canada. |
| 245 | 10|aPanne moteur et collision avec le relief du Bell B206L (hélicoptère) C-GSMZ, exploité par Expedition Helicopters à Smooth Rock Falls (Ontario), le 21 juin 2006 |h[ressource électronique] |
| 260 | |aGatineau - Québec : |bBureau de la sécurité des transports du Canada |c2007. |
| 300 | |a11p.|btableau, photographies |
| 490 | 1 |aRapport d'enquête aéronautique |vA06O0150 |
| 500 | |a« Le Bureau a autorisé la publication du rapport le 20 novembre 2007 » --p.11. |
| 590 | |a12-33-Supp|b2012-07-18 |
| 775 | 08|tEngine failure – collision with terrain - Expedition Helicopters, Bell B206L (helicopter) C-GSMZ, Smooth Rock Falls, Ontario, 21 June 2006 |w(CaOODSP)9.574509 |
| 830 | #0|aRapport d'enquête aéronautique ;|vA06O0150|w(CaOODSP)9.501229 |
| 856 | 40|ahttp://publications.gc.ca|qPDF|s235 Ko|uhttps://publications.gc.ca/collections/collection_2012/bst-tsb/TU3-5-06-13-fra.pdf|yA06O0150 |